[Event "Mondariz zt 1.1"]
[Site "Mondariz"]
[Date "2000.09.11"]
[Round "8"]
[White "Miles, Anthony John"]
[Black "Nijboer, Friso"]
[Result "1-0"]
[WhiteElo "2584"]
[BlackElo "2537"]
[PlyCount "101"]
[EventDate "2000.09.03"]
[EventType "swiss"]
[EventRounds "11"]
[EventCountry "ESP"]
[SourceTitle "CBM 079"]
[Source "ChessBase"]
[SourceDate "2000.11.21"]
[SourceVersion "1"]
[SourceVersionDate "2000.11.21"]
[SourceQuality "1"]

1. Nf3 Nf6 2. c4 g6 3. b4 Bg7 4. Bb2 0-0 5. g3 c6 6. Bg2 Qb6 7. a3 d6 8. 0-0 a5 9. Bd4 Qc7 10. d3 Nbd7 11. Nbd2 e5 12. Bb2 d5 13. cxd5 cxd5 14. e4 b5 15. Rc1 Qb8 16. bxa5 dxe4 17. Nxe4 Rxa5 18. Bc3 Ra6 19. Bb4 Re8 20. Qb3 Nxe4 21. dxe4 Nb6 22. Ng5 Nc4 23. a4 h6 24. axb5 Qxb5 25. Qxc4 Qxc4 26. Rxc4 hxg5 27. Bd2 Ra2 28. Bxg5 Ba6 29. Rc7 Bxf1 30. Bxf1 Ra1 31. Kg2 f6 32. Bc4+ Kh8 33. Be3 Rd8 34. h4 Raa8 35. Bf7 Kh7 36. h5 gxh5 37. Bxh5 Rac8 38. Re7 Kh8 39. Bg4 Re8 40. Rb7 Rb8 41. Rc7 Kg8 42. Bd7 Red8 43. Kf3 Rb4 44. Be6+ Kh8 45. Bc5 Ra4 46. Kg4 Kh7 47. Bf5+ Kh8 48. Kh5 Rc4 49. Be6 Rxe4 50. Kg6 Rg8 51. f3 1-0

[Event "Mondariz zt 1.1"]
[Site "Mondariz"]
[Date "2000.09.08"]
[Round "6"]
[White "Miles, Anthony John"]
[Black "Arlandi, Ennio"]
[Result "1/2-1/2"]
[WhiteElo "2584"]
[BlackElo "2437"]
[PlyCount "136"]
[EventDate "2000.09.03"]
[EventType "swiss"]
[EventRounds "11"]
[EventCountry "ESP"]
[SourceTitle "CBM 079"]
[Source "ChessBase"]
[SourceDate "2000.11.21"]
[SourceVersion "1"]
[SourceVersionDate "2000.11.21"]
[SourceQuality "1"]

1. g3 d5 2. Nf3 Nf6 3. Bg2 e6 4. 0-0 Be7 5. c4 0-0 6. b3 b6 7. Bb2 Bb7 8. e3 c5 9. Nc3 Nbd7 10. d3 Qc7 11. Qe2 Rad8 12. h3 Qb8 13. e4 dxe4 14. dxe4 Qa8 15. Rae1 Ne8 16. Kh2 Bf6 17. Bh1 Ne5 18. Nxe5 Bxe5 19. f4 Bd4 20. e5 Bxh1 21. Rxh1 Bxc3 22. Bxc3 Nc7 23. Rd1 Rxd1 24. Rxd1 Rd8 25. Rd6 Ne8 26. Rd3 Rxd3 27. Qxd3 h5 28. g4 hxg4 29. hxg4 Nc7 30. Be1 Na6 31. a3 Qe8 32. Kg3 Nb8 33. Qd6 Nc6 34. b4 cxb4 35. axb4 a6 36. Qc7 b5 37. Qb7 g5 38. cxb5 gxf4+ 39. Kxf4 axb5 40. Qxb5 Qd7 41. Bc3 Qc7 42. Qc5 Qb7 43. b5 Ne7 44. Bb4 Ng6+ 45. Kg3 Qe4 46. Bc3 Qf4+ 47. Kg2 Nh4+ 48. Kg1 Nf3+ 49. Kg2 Nh4+ 50. Kg1 Qe4 51. Kf2 Qg2+ 52. Ke1 Qc2 53. Kf1 Nf3 54. Qe3 Nh4 55. b6 Qg2+ 56. Ke1 Qd5 57. Ke2 Ng6 58. Qd4 Qg2+ 59. Kd3 Kg7 60. Qb4 Qb7 61. Kc2 Ne7 62. Qc5 Nd5 63. Bd4 Qa6 64. Kb2 Qe2+ 65. Qc2 Qb5+ 66. Qb3 Qe2+ 67. Ka3 Qa6+ 68. Kb2 Qe2+ 1/2-1/2

[Event "Mondariz zt 1.1"]
[Site "Mondariz"]
[Date "2000.09.03"]
[Round "1"]
[White "Godena, Michele"]
[Black "Miles, Anthony John"]
[Result "1/2-1/2"]
[WhiteElo "2485"]
[BlackElo "2584"]
[PlyCount "26"]
[EventDate "2000.09.03"]
[EventType "swiss"]
[EventRounds "11"]
[EventCountry "ESP"]
[SourceTitle "CBM 079"]
[Source "ChessBase"]
[SourceDate "2000.11.21"]
[SourceVersion "1"]
[SourceVersionDate "2000.11.21"]
[SourceQuality "1"]

1. e4 Nf6 2. e5 Nd5 3. d4 d6 4. Nf3 g6 5. Bc4 c6 6. 0-0 Bg7 7. Re1 0-0 8. c3 dxe5 9. Nxe5 Nd7 10. Nd3 N7b6 11. Bb3 Bf5 12. Qf3 a5 13. a4 Re8 1/2-1/2

[Event "Lisbon Summer op"]
[Site "Lisbon"]
[Date "2000.08.27"]
[Round "7"]
[White "Wohl, Aleksandar H"]
[Black "Miles, Anthony John"]
[Result "1/2-1/2"]
[WhiteElo "2461"]
[BlackElo "2584"]
[PlyCount "132"]
[EventDate "2000.08.21"]
[EventType "swiss"]
[EventRounds "10"]
[EventCountry "POR"]
[SourceTitle "EXT 2001"]
[Source "ChessBase"]
[SourceDate "2000.11.22"]
[SourceVersion "1"]
[SourceVersionDate "2000.11.22"]
[SourceQuality "1"]

1. e4 c6 2. d3 d5 3. Nd2 e5 4. Ngf3 Nd7 5. Qe2 d4 6. g3 Bd6 7. Bg2 Ne7 8. 0-0 c5 9. c3 Nc6 10. a4 0-0 11. Nc4 Bc7 12. Bd2 Nb6 13. Nxb6 axb6 14. c4 Bg4 15. h3 Bh5 16. b3 Qf6 17. g4 Bg6 18. Bg5 Qd6 19. Nh4 Nd8 20. Nf5 Qd7 21. Ne7+ Kh8 22. Nd5 Ne6 23. Bd2 f6 24. h4 Bf7 25. Bh3 Nf4 26. Nxf4 exf4 27. f3 g5 28. Qh2 Kg7 29. Kf2 h6 30. Rh1 Rh8 31. Qg1 Be6 32. h5 Bf7 33. Qd1 Ra7 34. Bf1 Rha8 35. Qc2 Bd6 36. Be2 Qe6 37. Bd1 Be8 38. Rb1 Bc6 39. Re1 Qd7 40. Qb2 Re8 41. Ra1 Raa8 42. Bc2 Qe7 43. Rg1 Bd7 44. Rae1 Qf7 45. Rh1 Re5 46. Bd1 Qe8 47. Bc2 Qe7 48. Bd1 Re8 49. Rhg1 Kh7 50. Rh1 Be6 51. Rhg1 Bf7 52. Rh1 Qf8 53. Bc2 R8e7 54. Bd1 Qe8 55. Rh2 Kg7 56. Qc1 R7e6 57. Qb2 Bf8 58. Qc1 Kg8 59. Qb2 Re7 60. Qc1 Be6 61. Rhh1 Bd7 62. Qb2 R7e6 63. Qc1 Bd6 64. Qb2 Re7 65. Qc1 Qd8 66. Qb2 Re8 1/2-1/2

[Event "Lisbon Summer op"]
[Site "Lisbon"]
[Date "2000.08.25"]
[Round "5"]
[White "Komljenovic, Davorin"]
[Black "Miles, Anthony John"]
[Result "1/2-1/2"]
[WhiteElo "2514"]
[BlackElo "2584"]
[PlyCount "53"]
[EventDate "2000.08.21"]
[EventType "swiss"]
[EventRounds "10"]
[EventCountry "POR"]
[SourceTitle "EXT 2001"]
[Source "ChessBase"]
[SourceDate "2000.11.22"]
[SourceVersion "1"]
[SourceVersionDate "2000.11.22"]
[SourceQuality "1"]

1. d4 Nc6 2. Nf3 d5 3. c4 Bg4 4. cxd5 Bxf3 5. gxf3 Qxd5 6. e3 e6 7. Nc3 Qh5 8. Bd2 0-0-0 9. f4 Qxd1+ 10. Rxd1 Nf6 11. Bg2 Ne7 12. Ne4 Nxe4 13. Bxe4 g6 14. Ke2 Nd5 15. a3 Bd6 16. b4 Kd7 17. Rc1 c6 18. Rc2 a6 19. Kf3 f5 20. Bd3 h6 21. h4 g5 22. hxg5 hxg5 23. Rxh8 g4+ 24. Kg2 Rxh8 25. Rc1 Ke7 26. Rh1 Rxh1 27. Kxh1 1/2-1/2